000 01040cam a2200289 a 4500
001 000013367
003 DO-SdBNP
005 20251022121711.0
008 970908s1996 ve b 001 0 spa d
020 _a9803171089
035 _a(OCoLC)37513436
040 _aDO-SdBNP
_cNcD
_dDLC
042 _alccopycat
049 _aBNGR
082 _a338.13
_bS482ó
100 1 _aSerbin, Andrés.
_930573
245 1 3 _aEl ocaso de las islas :
_bel Gran Caribe frente a los desafíos globales y regionales /
_cAndrés Serbin ; Eufemia Hernández.
260 _aCaracas :
_bInstituto Venezolano de Estudios Sociales y Políticos (INVESP) :
_bNueva Sociedad,
_c1996.
300 _a139 p. ;
_c23 cm.
504 _aIncluye referencias bibliográficas.
610 2 0 _aAsociación de Estados del Caribe
_930574
651 0 _aCaribe (Región)
_xIntegración económica
_987401
651 0 _aCaribe (Región)
_xRelaciones exteriores
_987401
700 1 _aHernández, Eufemia
_eed.
_930576
910 _aCatalogación por copia / LC
942 _2ddc
_cLBS1
999 _c12994
_d12994